|
|
|
|
| LEADER |
00000nam0a2200000 4500 |
| 001 |
135054 |
| 005 |
20250513111836.0 |
| 035 |
|
|
|a (RuTPU)RU\TPU\book\146377
|
| 090 |
|
|
|a 135054
|
| 100 |
|
|
|a 20080407d1980 m y0rusy5003 ca
|
| 101 |
0 |
|
|a rus
|
| 102 |
|
|
|a RU
|
| 105 |
|
|
|a a z 000zb
|
| 200 |
1 |
|
|a Уральский самоцвет
|f А. А. Котов
|
| 205 |
|
|
|a 2-е изд., испр. и доп
|
| 210 |
|
|
|a Москва
|c Сов. Россия
|d 1980
|
| 215 |
|
|
|a 272 с.
|c ил.
|
| 333 |
|
|
|a Исключено из фонда НТБ ТПУ
|
| 600 |
|
1 |
|a Карпов
|b А. Е.
|c русский шахматист
|f 1951-
|g Анатолий Евгеньевич
|2 stltpush
|3 (RuTPU)RU\TPU\pers\16165
|9 5726
|
| 610 |
1 |
|
|a шахматы
|
| 610 |
1 |
|
|a шахматисты
|
| 610 |
1 |
|
|a творческий путь
|
| 610 |
1 |
|
|a биографии
|
| 675 |
|
|
|a 794.1
|
| 700 |
|
1 |
|a Котов
|b А. А.
|c советский гроссмейстер и шахматный литератор
|c заслуженный мастер спорта СССР
|f 1913-1981
|g Александр Александрович
|3 (RuTPU)RU\TPU\pers\23098
|9 9930
|
| 801 |
|
0 |
|a RU
|b RuMRKP
|c 19950704
|g psbo
|
| 801 |
|
1 |
|a RU
|b 63413507
|c 20080407
|g PSBO
|
| 801 |
|
2 |
|a RU
|b 63413507
|c 20081224
|g PSBO
|
| 850 |
|
|
|a 63413507
|
| 942 |
|
|
|c BK
|